000 00508nam a2200181Ia 4500
005 20250508150659.0
008 008 250505s9999 xx 000 0 eng d
037 _aTextual
040 _aFEDL
_beng
_cFEDL
041 _aeng
_2eng
084 _a371.33, VIS
_qFEDL
100 _aTruby Jeffrey
_9757358
245 0 _aVisual aid year book 1949
260 _aLondon, UK
_bDaily Mail School-Aid Department
_c1949
300 _a256p.
942 _cTEXL
_h371.33, VIS
999 _c1325020
_d1325020